Bài tập thực hành đặc ngữ tiếng Anh = Active American idioms

Tallennettuna:
Bibliografiset tiedot
Päätekijä: Richard Booker
Aineistotyyppi: Kirja
Kieli:Undetermined
Julkaistu: Tp. HCM Tp. HCM 2002
Aiheet:
Tagit: Lisää tagi
Ei tageja, Lisää ensimmäinen tagi!
Thư viện lưu trữ: Trung tâm Học liệu Trường Đại học Cần Thơ
LEADER 00562nam a2200193Ia 4500
001 CTU_54406
008 210402s9999 xx 000 0 und d
020 |b 40000 
082 |a 413.1 
082 |b B724 
100 |a Richard Booker 
245 0 |a Bài tập thực hành đặc ngữ tiếng Anh = Active American idioms 
245 0 |c Richard Booker; Lê Huy Lâm dịch 
260 |a Tp. HCM 
260 |b Tp. HCM 
260 |c 2002 
650 |a american language 
650 |x idioms 
980 |a Trung tâm Học liệu Trường Đại học Cần Thơ